| 000 | 01485nam a22004457a 4500 | ||
|---|---|---|---|
| 001 | 0071149 | ||
| 003 | KOHA_MİRAKIL | ||
| 005 | 20260207004956.0 | ||
| 007 | ta | ||
| 008 | 240627b2017 tu |||gr||||#0|||0|tur | | ||
| 020 | _a9781137557681 | ||
| 040 |
_aTR-BiSEU _btur _cTR-BiSEU _erda |
||
| 041 | 0 | _atur | |
| 044 | _ctu | ||
| 050 |
_aHV6431 _b.P35 2017 |
||
| 245 | 0 | 4 |
_aThe Palgrave Handbook of Global Counterterrorism Policy/ _cEdited by Scott Nicholas Romaniuk, Francis Grice, Daniela Irrera, Stewart Webb. |
| 264 | 1 |
_aLondon : _bPalgrave Macmillan _c2017 |
|
| 300 | _avolumed; 24 cm. | ||
| 336 |
_ametin _btxt _2rdacontent |
||
| 337 |
_aaracısız _bn _2rdamedia |
||
| 338 |
_acilt _bnc _2rdacarrier |
||
| 500 | _aIncludeces index. | ||
| 500 | _aIncludes bibliography at the end of the chapter. | ||
| 650 | 0 |
_aPolitical science. _98744 |
|
| 650 | 0 |
_aWorld politics. _94773 |
|
| 650 | 0 |
_aTerrorism. _98656 |
|
| 650 | 0 |
_aPolitical Science and International Relations. _9139689 |
|
| 650 | 0 |
_aTerrorism and Political Violence. _9139690 |
|
| 650 | 0 |
_aForeign Policy. _951577 |
|
| 650 | 0 |
_aPolitical History. _9139691 |
|
| 650 | 0 |
_aPolitika Bilimi. _99028 |
|
| 650 | 0 |
_aDünya siyaseti. _9124856 |
|
| 650 | 0 |
_aTerörizm. _96805 |
|
| 650 | 0 |
_aSiyasi bilimler ve Uluslararası İlişkiler. _9139692 |
|
| 650 | 0 |
_aTerörizm ve Siyasi Şiddet. _9139693 |
|
| 650 | 0 |
_aDış politika. _950100 |
|
| 650 | 0 |
_aSiyasi Tarih. _9139694 |
|
| 907 | _aTerörizm | ||
| 942 |
_2lcc _cBK |
||
| 999 |
_c71897 _d71897 |
||